| 000 | 00710cam a2200241 a 4500 | ||
|---|---|---|---|
| 999 |
_c8773 _d8773 |
||
| 001 | 8773 | ||
| 003 | BD-JhCC | ||
| 005 | 20180716185355.0 | ||
| 008 | 180718s2008 enka 000 0 eng | ||
| 035 | _a(BD-JhCC)8773 | ||
| 040 |
_aDLC _cDLC _dDLC _dBD-JhCC |
||
| 041 | _aeng | ||
| 050 | 0 | 0 |
_aPE1128.A2 _bB4995 2006 |
| 082 |
_bSHA 2008 _a428 |
||
| 100 | 1 | _aShameem, Mehadi | |
| 245 | 1 | 0 |
_aCue card IELTS : _bSpeaking module / _cMehadi Shameem |
| 260 |
_aDhaka : _bKhan Book Center, _c2008. |
||
| 300 |
_a202 p. : _bill. ; _c28 cm. |
||
| 650 | 0 |
_aEnglish language _xStudy and teaching (Higher) _xForeign speakers. |
|
| 650 | 0 |
_aEnglish language _xExaminations _vStudy guides. |
|
| 942 |
_2ddc _cBK |
||